Normal view
MARC view
- KARAM, HAIDURI M. A
Entry Personal Name
001 - CONTROL NUMBER
- control field: 67437
003 - CONTROL NUMBER IDENTIFIER
- control field: NUST
005 - DATE AND TIME OF LATEST TRANSACTION
- control field: 20210628203825.0
008 - FIXED-LENGTH DATA ELEMENTS
- fixed length control field: 210628|| aca||aabn | a|a d
040 ## - CATALOGING SOURCE
- Original cataloging agency: NUST
- Transcribing agency: NUST
100 ## - HEADING--PERSONAL NAME
- Personal name: KARAM, HAIDURI M. A
670 ## - SOURCE DATA FOUND
- Source citation: Work cat.: (NUST): KARAM, HAIDURI M. A, SIR ZAMEEN PHOTOHAR, 1980
